Mots français d'origine arabe - Mort subite - Statistiques

Statistiques générales
  • Ce quiz a été pris 1 657 fois
  • Le résultat moyen est 5 sur 28
Answers on the Grid
Answers color-coded by a green-red scale on the quiz's grid according to % correct below.
Agonie
Amiral
Argan
Aubergine
Ballon
Baobab
Bibilothèque
Boudin
Cador
Caïd
Carafe
Cavalier
Cité
Commun
Couffin
Crèche
Curcuma
Douane
Echec
Fennec
Gaze
Gazelle
Golf
Idée
Jaquette
Kermesse
Laque
Maboule
Marabout
Matelas
Mélodie
Mesquin
Méthode
Néologisme
Orange
Panda
Péninsule
Problème
Rame
Raquette
Sacre
Sirop
Soja
Steppe
Stress
Talisman
Tarif
Test
Thé
Vérité
 
Statistiques - réponses
Réponse % Correct
Caïd
46%
Fennec
34%
Marabout
33%
Talisman
32%
Maboule
31%
Argan
26%
Gazelle
26%
Curcuma
25%
Mesquin
25%
Carafe
23%
Tarif
20%
Baobab
18%
Gaze
16%
Amiral
15%
Couffin
15%
Cador
14%
Echec
14%
Douane
11%
Orange
11%
Aubergine
8%
Sirop
7%
Jaquette
5%
Raquette
4%
Matelas
3%
Sacre
3%
Crèche
2%
Laque
2%
Rame
2%
Aucun quiz correspondant
Distribution des résultats
% des personnes avec chaque résultat
Percentile par nombre de réponses
Votre historique - résultats
Vous n’avez pas pris ce quiz